000 00876nam a2200253 i 4500
001 bg
100 1 _aSTERNBERG, Elaine
245 1 0 _aCzysty biznes =
_bJust business : etyka biznesu w działaniu = business ethics in action /
_cElaine Sternberg ; przekł. [z ang.] Paweł Łuków ; Fundacja Edukacyjna Przedsiębiorczości.
260 _aWarszawa :
_bWydaw. Naukowe PWN,
_c1998.
300 _a308, [2] s. :
_berr. ;
_c21 cm.
490 1 _aPrzedsiębiorczość
504 _aBibliogr. s. 306-307. - Indeks.
650 9 _aEtyka społeczna
_xzagadnienia
650 9 _aGospodarka
_xetyka
710 0 _aFundacja Edukacyjna Przedsiębiorczości (Łódź)
830 _aPrzedsiębiorczość
020 _a8301125306
040 _cBPK
041 1 _apl
_hen
080 _a65.011:172
920 _a83-01-12530-6
942 _cKS
008 s pl f |000 0 pol
999 _c33639
_d33639
856 _uhttp://koha.tu.koszalin.pl/cgi-bin/koha/opac-detail.pl?biblionumber=33639
_yKatalog online BPK